U.S. States: Which Came First? - Statistics

General Stats
  • This quiz has been taken 473 times
  • The average score is 10 of 15
Answer Stats
Question Answer % Correct
Vermont or Massachusetts? Massachusetts
85%
Minnesota or Montana? Minnesota
85%
Arizona or Colorado? Colorado
81%
Pennsylvania or Ohio? Pennsylvania
81%
Wyoming or Wisconsin? Wisconsin
81%
Oklahoma or Kansas? Kansas
73%
Alaska or Hawaii? Alaska
69%
Missouri or Iowa? Missouri
69%
West Virginia or Tennessee? Tennessee
65%
California or Texas? Texas
65%
Delaware or Virginia? Delaware
58%
Alabama or Georgia? Georgia
58%
Louisiana or Florida? Louisiana
58%
Illinois or Kentucky? Kentucky
50%
Washington or Oregon? Oregon
38%
No matching quizzes found
Score Distribution
Percent of People with Each Score
Percentile by Number Answered
Your Score History
You have not taken this quiz